000 00900nam a2200253 a 4500
001 000022017
003 DO-SdBNP
005 20231116091657.0
008 100915s2000 xxuad 000 0 spa d
020 _a0821347160
040 _aDO-SdBNP
_bspa
_cBNPHU
082 4 _a339.46
_bP187e
_222
245 0 0 _aPanamá :
_bestudio sobre pobreza, prioridades y estrategias para la reducción de la pobreza.
260 _aWashington, D. C. :
_bBanco Mundial,
_c2000.
300 _axvii, v. p. :
_bil. , diagr. ;
_c28 cm.
440 0 _aSerie de estudios del Banco Mundial sobre países
_945645
504 _aIncluye referencias bibliográficas y notas al pie de las páginas.
650 4 _aPobreza
_zPanamá
_945646
650 4 _aCalidad de vida
_zPanamá
_945647
651 4 _aPanamá
_xCondiciones económicas
_945648
651 4 _aPanamá
_xCondiciones sociales
_945649
910 _aWM
942 _2ddc
_cLBS1
999 _c21515
_d21515